[Event "FRA-chT2 0910"]
[Site "France"]
[Date "2009.10.17"]
[Round "2.3"]
[White "Luminais, Eric"]
[Black "Garrido, Denis"]
[Result "1-0"]
[WhiteElo "2183"]
[BlackElo "2314"]
[PlyCount "63"]
[EventDate "2009.09.27"]
[EventType "team"]
[EventRounds "11"]
[EventCountry "FRA"]
[SourceDate "2009.07.26"]

1. c4 c5 2. Nc3 g6 3. g3 Bg7 4. Bg2 Nc6 5. f4 e5 6. d3 Nge7 7. fxe5 Nxe5 8. Nf3
N7c6 9. Nxe5 Nxe5 10. O-O O-O 11. Nd5 d6 12. Rb1 a5 13. Bd2 Rb8 14. b3 Bd7 15.
Qc1 Bc6 16. Bh6 f6 17. Bxg7 Kxg7 18. Qc3 Bxd5 19. Bxd5 b5 20. cxb5 Rxb5 21. Rf2
Rb8 22. e3 Qb6 23. Rd1 Rbc8 24. Rf4 Rc7 25. Ra4 Nc6 26. a3 Ne7 27. Bg2 Ra7 28.
d4 Re8 29. dxc5 dxc5 30. g4 Nc6 31. Rd6 Rf7 32. Rxc6 1-0

[Event "FRA-chT2 0910"]
[Site "France"]
[Date "2009.10.17"]
[Round "2.5"]
[White "Entem, Alan"]
[Black "Leygue, Dominique"]
[Result "1-0"]
[WhiteElo "2115"]
[BlackElo "2304"]
[PlyCount "47"]
[EventDate "2009.09.27"]
[EventType "team"]
[EventRounds "11"]
[EventCountry "FRA"]
[SourceDate "2009.07.26"]

1. e4 e5 2. Nf3 Nc6 3. Bc4 Nf6 4. Ng5 Bc5 5. Bxf7+ Ke7 6. Bb3 Rf8 7. O-O d6 8.
Nc3 Qe8 9. Nd5+ Kd8 10. c3 Qg6 11. d4 Nxd4 12. cxd4 Bxd4 13. Nxf6 Rxf6 14. Nf3
h6 15. Kh1 Bg4 16. Qd3 Qh5 17. Nxd4 exd4 18. f3 Bd7 19. Qxd4 Ke7 20. Bd2 Raf8
21. Rae1 Qh4 22. Qf2 Qh5 23. e5 dxe5 24. Bb4+ 1-0

[Event "FRA-chT2 0910"]
[Site "France"]
[Date "2009.10.17"]
[Round "2.6"]
[White "Guennoun, Anthony"]
[Black "Muratet, Lucas"]
[Result "1-0"]
[WhiteElo "2139"]
[BlackElo "1955"]
[PlyCount "53"]
[EventDate "2009.09.27"]
[EventType "team"]
[EventRounds "11"]
[EventCountry "FRA"]
[SourceDate "2009.07.26"]

1. e4 c5 2. Nf3 d6 3. d4 cxd4 4. Qxd4 Nc6 5. Bb5 Bd7 6. Bxc6 Bxc6 7. Nc3 Nf6 8.
Bg5 h6 9. Bxf6 gxf6 10. O-O-O Rg8 11. Rhg1 e6 12. Qd3 a6 13. Nd4 Bd7 14. f4 Qa5
15. f5 Rc8 16. Kb1 Qe5 17. g3 b5 18. Rge1 Qc5 19. e5 dxe5 20. fxe6 fxe6 21. Nf5
Qc7 22. Ne4 exf5 23. Nxf6+ Kf7 24. Nxd7 e4 25. Qd5+ Kg7 26. Qd4+ Kg6 27. Qf6+
1-0

[Event "FRA-chT2 0910"]
[Site "France"]
[Date "2009.10.17"]
[Round "2.3"]
[White "Ollier, Pablo"]
[Black "Gachon, Lionel"]
[Result "1/2-1/2"]
[WhiteElo "2248"]
[BlackElo "2291"]
[PlyCount "29"]
[EventDate "2009.09.27"]
[EventType "team"]
[EventRounds "11"]
[EventCountry "FRA"]
[SourceDate "2009.07.26"]

1. d4 b6 2. c4 e6 3. e4 Bb7 4. Nc3 Bb4 5. Bd3 f5 6. Qh5+ g6 7. Qe2 Nf6 8. f3
Nc6 9. Be3 f4 10. Bf2 e5 11. d5 Ne7 12. Qc2 O-O 13. Nge2 Bd6 14. a3 Bc5 15. Bh4
1/2-1/2

[Event "FRA-chT2 0910"]
[Site "France"]
[Date "2009.10.17"]
[Round "2.5"]
[White "Ollier, Milan"]
[Black "Daloz, Jean Michel"]
[Result "1/2-1/2"]
[WhiteElo "2089"]
[BlackElo "2169"]
[PlyCount "36"]
[EventDate "2009.09.27"]
[EventType "team"]
[EventRounds "11"]
[EventCountry "FRA"]
[SourceDate "2009.07.26"]

1. e4 c5 2. Nf3 Nc6 3. Bb5 g6 4. Bxc6 dxc6 5. h3 Nf6 6. Nc3 Bg7 7. d3 e5 8. Be3
Nd7 9. Qd2 Qe7 10. Bh6 f6 11. Bxg7 Qxg7 12. Nh2 O-O 13. O-O g5 14. Ne2 Re8 15.
Qe3 b6 16. Ng3 Nf8 17. Ng4 Bxg4 18. hxg4 Ne6 1/2-1/2

[Event "FRA-chT2 0910"]
[Site "France"]
[Date "2009.10.17"]
[Round "2.6"]
[White "Juglard, Eric"]
[Black "Mania, Clement"]
[Result "1-0"]
[WhiteElo "2119"]
[BlackElo "2066"]
[PlyCount "65"]
[EventDate "2009.09.27"]
[EventType "team"]
[EventRounds "11"]
[EventCountry "FRA"]
[SourceDate "2009.07.26"]

1. d4 f5 2. Bg5 h6 3. Bh4 g5 4. Bg3 Nf6 5. e3 Bg7 6. Nf3 d6 7. Bd3 O-O 8. Nbd2
Qe8 9. c3 Nc6 10. Qb3+ Kh8 11. Nc4 e6 12. O-O-O Nh5 13. Rhe1 e5 14. dxe5 dxe5
15. Bb1 Be6 16. Qa4 f4 17. exf4 exf4 18. Qc2 Nf6 19. Nce5 Nxe5 20. Nxe5 Kg8 21.
Ng6 Rf7 22. Bxf4 Ng4 23. Bg3 Qc6 24. f3 Bf5 25. Qxf5 Rxf5 26. Ne7+ Kf7 27. Nxc6
Rc5 28. Rd7+ Kf8 29. Rxc7 Rxc6 30. Rxc6 bxc6 31. fxg4 a5 32. Be5 Kf7 33. Bxg7
1-0

[Event "FRA-chT2 0910"]
[Site "France"]
[Date "2009.10.17"]
[Round "2.1"]
[White "Ducret, Thomas"]
[Black "Petrossian, Armen"]
[Result "0-1"]
[WhiteElo "2201"]
[BlackElo "2415"]
[PlyCount "48"]
[EventDate "2009.09.27"]
[EventType "team"]
[EventRounds "11"]
[EventCountry "FRA"]
[SourceDate "2009.07.26"]

1. c4 e5 2. g3 Nf6 3. Bg2 c6 4. d3 d5 5. cxd5 cxd5 6. Nf3 Nc6 7. O-O Be7 8. Bg5
O-O 9. Nc3 d4 10. Bxf6 Bxf6 11. Ne4 Be7 12. Qb3 Qb6 13. Rfc1 Be6 14. Qd1 f6 15.
Ned2 Rac8 16. Nc4 Qa6 17. a4 Na5 18. Nfd2 b6 19. Nxa5 Qxa5 20. Bb7 Rb8 21. Bc6
a6 22. Nc4 Qb4 23. Qd2 Rfc8 24. Be4 Rxc4 0-1

[Event "FRA-chT2 0910"]
[Site "France"]
[Date "2009.10.17"]
[Round "2.3"]
[White "Rada Equiza, Miguel"]
[Black "Heran, Raphael"]
[Result "1/2-1/2"]
[WhiteElo "2262"]
[BlackElo "2227"]
[PlyCount "59"]
[EventDate "2009.09.27"]
[EventType "team"]
[EventRounds "11"]
[EventCountry "FRA"]
[SourceDate "2009.07.26"]

1. e4 e6 2. d4 d5 3. e5 c5 4. c3 Qb6 5. Nf3 Nc6 6. Bd3 cxd4 7. cxd4 Bd7 8. O-O
Nxd4 9. Nbd2 Ne7 10. Nxd4 Qxd4 11. Nf3 Qb6 12. Be3 Qa5 13. b4 Qxb4 14. Rb1 Qa4
15. Qxa4 Bxa4 16. Rxb7 Nc6 17. Rc1 Ba3 18. Rc3 Be7 19. Bc2 Bxc2 20. Rxc6 Bg6
21. Rcc7 Bd8 22. Rxa7 Rxa7 23. Rxa7 O-O 24. Bc5 Re8 25. a4 f6 26. a5 Be4 27.
Ra8 d4 28. Rb8 d3 29. a6 Kf7 30. Rb4 1/2-1/2

[Event "FRA-chT2 0910"]
[Site "France"]
[Date "2009.10.17"]
[Round "2.4"]
[White "Denoyelle, Arnaud"]
[Black "Relea, Nicolas"]
[Result "0-1"]
[WhiteElo "2207"]
[BlackElo "2196"]
[PlyCount "56"]
[EventDate "2009.09.27"]
[EventType "team"]
[EventRounds "11"]
[EventCountry "FRA"]
[SourceDate "2009.07.26"]

1. d4 Nf6 2. Bg5 c5 3. Nc3 Qb6 4. dxc5 Qxb2 5. Na4 Qb4+ 6. c3 Qa5 7. Rb1 Ne4 8.
Be3 e6 9. Qd4 f5 10. f3 Nc6 11. Qc4 Nf6 12. Bf4 Be7 13. Rb5 Qd8 14. e4 fxe4 15.
fxe4 O-O 16. Nf3 Nh5 17. Be3 h6 18. Rb1 b5 19. cxb6 Bb7 20. Nc5 Bxc5 21. Bxc5
d5 22. Qa4 Rf4 23. Bd3 dxe4 24. Bxe4 Ne5 25. Bxb7 Nd3+ 26. Kf1 Rxa4 27. Bxa8
Nxc5 28. b7 Qd3+ 0-1

[Event "FRA-chT2 0910"]
[Site "France"]
[Date "2009.10.17"]
[Round "2.4"]
[White "Peray, Sebastien"]
[Black "Faber, Michel"]
[Result "1-0"]
[WhiteElo "2156"]
[BlackElo "2239"]
[PlyCount "65"]
[EventDate "2009.09.27"]
[EventType "team"]
[EventRounds "11"]
[EventCountry "FRA"]
[SourceDate "2009.07.26"]

1. e4 c5 2. Nf3 Nc6 3. d4 cxd4 4. Nxd4 Nf6 5. Nc3 d6 6. Bc4 Qb6 7. Nxc6 bxc6 8.
O-O g6 9. e5 dxe5 10. Qe2 Qd4 11. Be3 Qh4 12. g3 Qh3 13. Bc5 Bg7 14. Bxe7 Kxe7
15. Qxe5+ Be6 16. Qc5+ Ke8 17. Qxc6+ Ke7 18. Qc5+ Ke8 19. Qc6+ Ke7 20. Qc5+ Ke8
21. Rfe1 Nd7 22. Qc6 Rd8 23. Rxe6+ fxe6 24. Bxe6 Qh5 25. Re1 Be5 26. Bxd7+ Rxd7
27. Qc8+ Rd8 28. Qe6+ Kf8 29. Rxe5 Rd1+ 30. Nxd1 Qxd1+ 31. Re1 Qd8 32. c4 Rg8
33. Re3 1-0

[Event "FRA-chT2 0910"]
[Site "France"]
[Date "2009.10.17"]
[Round "2.8"]
[White "Bramme, Isabelle"]
[Black "Soissong, Elzbieta"]
[Result "1-0"]
[WhiteElo "1983"]
[BlackElo "1683"]
[PlyCount "65"]
[EventDate "2009.09.27"]
[EventType "team"]
[EventRounds "11"]
[EventCountry "FRA"]
[SourceDate "2009.07.26"]

1. e4 e5 2. Nf3 d6 3. d4 Nd7 4. dxe5 dxe5 5. Bc4 c6 6. O-O Be7 7. Qe2 Ngf6 8.
a4 O-O 9. Bg5 b6 10. Nc3 Qc7 11. Rfd1 Bb7 12. Nd2 Rad8 13. Nf1 Nc5 14. f3 Bc8
15. Ne3 Ne6 16. Nf5 Nxg5 17. Kh1 Bc5 18. Qe1 Bxf5 19. exf5 h6 20. h4 Ngh7 21.
g4 Rfe8 22. g5 hxg5 23. hxg5 Nxg5 24. Qg3 Be3 25. Rg1 Bxg1 26. Rxg1 Nfh7 27.
Ne4 Qe7 28. Qg4 Kf8 29. f6 gxf6 30. Qh5 Rd4 31. Nxg5 fxg5 32. Rxg5 Rxc4 33.
Qh6# 1-0

[Event "FRA-chT2 0910"]
[Site "France"]
[Date "2009.10.17"]
[Round "2.3"]
[White "Laporte, Damien"]
[Black "Francois, Sebastien"]
[Result "0-1"]
[WhiteElo "2203"]
[BlackElo "2052"]
[PlyCount "60"]
[EventDate "2009.09.27"]
[EventType "team"]
[EventRounds "11"]
[EventCountry "FRA"]
[SourceDate "2009.07.26"]

1. e4 d5 2. exd5 Qxd5 3. Nc3 Qa5 4. d4 c6 5. Bc4 Nf6 6. Qe2 Bf5 7. Bd2 e6 8.
Nd5 Qd8 9. Ne3 Bg6 10. h4 Qxd4 11. O-O-O Ba3 12. Ba5 Qxb2+ 13. Kd2 Ne4+ 14. Ke1
Bb4+ 15. Bxb4 Qxb4+ 16. Kf1 h6 17. h5 Bh7 18. Qg4 O-O 19. Nf3 Nf6 20. Qg3 Bxc2
21. Rd4 Qc3 22. Rhh4 Nbd7 23. Kg1 c5 24. Rd6 Rad8 25. Kh2 Ne4 26. Rxe4 Bxe4 27.
Nd2 Nf6 28. Bb3 Rxd6 29. Qxd6 Bd5 30. Bxd5 Qxd2 0-1

[Event "FRA-chT2 0910"]
[Site "France"]
[Date "2009.10.17"]
[Round "2.5"]
[White "Armas, Lara Maria"]
[Black "Pellegrin, Philippe"]
[Result "1/2-1/2"]
[WhiteElo "1990"]
[BlackElo "2020"]
[PlyCount "47"]
[EventDate "2009.09.27"]
[EventType "team"]
[EventRounds "11"]
[EventCountry "FRA"]
[SourceDate "2009.07.26"]

1. d4 Nf6 2. Nf3 d6 3. e3 c6 4. Nbd2 Qc7 5. b3 Bg4 6. h3 Bf5 7. Bb2 h6 8. Bc4
a5 9. O-O Nbd7 10. Re1 e5 11. e4 Bh7 12. Nh4 Be7 13. Nf5 Bxf5 14. exf5 O-O 15.
f4 d5 16. fxe5 dxc4 17. exf6 Nxf6 18. Nxc4 Rfe8 19. Qf3 Nd5 20. a3 b5 21. Ne5
b4 22. a4 Rad8 23. Rad1 Bf6 24. Nc4 1/2-1/2

[Event "FRA-chT2 0910"]
[Site "France"]
[Date "2009.10.17"]
[Round "2.7"]
[White "Alarcon, Eric"]
[Black "Pouplin, Johan"]
[Result "1-0"]
[WhiteElo "1970"]
[BlackElo "1781"]
[PlyCount "55"]
[EventDate "2009.09.27"]
[EventType "team"]
[EventRounds "11"]
[EventCountry "FRA"]
[SourceDate "2009.07.26"]

1. e4 c5 2. Nc3 Nc6 3. f4 g6 4. Nf3 Bg7 5. Bb5 Nd4 6. O-O e6 7. d3 Ne7 8. Nxd4
cxd4 9. Ne2 O-O 10. Ba4 d5 11. e5 Qa5 12. Bb3 Nc6 13. Bd2 Qc5 14. Qe1 f6 15.
exf6 Bxf6 16. Kh1 Bd7 17. Ng1 e5 18. fxe5 Bxe5 19. Nf3 Bg7 20. Qh4 Rae8 21. Bh6
Qd6 22. Ng5 Re7 23. Rxf8+ Bxf8 24. Bxf8 Kxf8 25. Nxh7+ Kg7 26. Rf1 Re8 27. Ng5
Rh8 28. Rf7+ 1-0

[Event "FRA-chT2 0910"]
[Site "France"]
[Date "2009.10.18"]
[Round "3.3"]
[White "Grizou, Regis"]
[Black "Francois, Sebastien"]
[Result "1-0"]
[WhiteElo "2178"]
[BlackElo "2052"]
[PlyCount "61"]
[EventDate "2009.09.27"]
[EventType "team"]
[EventRounds "11"]
[EventCountry "FRA"]
[SourceDate "2009.07.26"]

1. d4 Nf6 2. Nf3 g6 3. g3 Bg7 4. Bg2 c5 5. c4 cxd4 6. Nxd4 Nc6 7. O-O O-O 8.
Nc2 d6 9. Nc3 Ne5 10. b3 Rb8 11. Bb2 Bd7 12. h3 Bc6 13. Nd5 Bxd5 14. cxd5 Nfd7
15. Kh1 Nc5 16. f4 Ned7 17. Bxg7 Kxg7 18. e4 Kg8 19. Qe2 Qb6 20. Rfd1 Rbc8 21.
Nd4 Rfe8 22. h4 Nf6 23. e5 Nh5 24. Kh2 e6 25. dxe6 Nxe6 26. Nxe6 dxe5 27. f5
fxe6 28. fxg6 hxg6 29. Qg4 Kh7 30. Rd7+ Ng7 31. h5 1-0

[Event "FRA-chT2 0910"]
[Site "France"]
[Date "2009.10.18"]
[Round "3.6"]
[White "Houot, Thomas"]
[Black "Marciniak, Alexandre"]
[Result "0-1"]
[WhiteElo "1738"]
[BlackElo "2129"]
[PlyCount "50"]
[EventDate "2009.09.27"]
[EventType "team"]
[EventRounds "11"]
[EventCountry "FRA"]
[SourceDate "2009.07.26"]

1. d4 d5 2. c4 c6 3. Nf3 Nf6 4. e3 Bg4 5. g3 Nbd7 6. Bg2 e5 7. Qb3 e4 8. Nfd2
Rb8 9. Nc3 Be6 10. Qc2 b5 11. b3 Bd6 12. O-O h5 13. h3 Nf8 14. Bb2 Qd7 15. Kh2
h4 16. cxd5 hxg3+ 17. fxg3 cxd5 18. Rxf6 gxf6 19. Ne2 Bxh3 20. Nf4 Bxf4 21.
exf4 Bxg2+ 22. Kxg2 Rc8 23. Qd1 Qh3+ 24. Kf2 Qh2+ 25. Ke1 Qxg3+ 0-1

[Event "FRA-chT2 0910"]
[Site "France"]
[Date "2009.10.18"]
[Round "3.8"]
[White "Fornell, Marie Therese"]
[Black "Mamah, Isabelle"]
[Result "1/2-1/2"]
[WhiteElo "1510"]
[BlackElo "1718"]
[PlyCount "58"]
[EventDate "2009.09.27"]
[EventType "team"]
[EventRounds "11"]
[EventCountry "FRA"]
[SourceDate "2009.07.26"]

1. e4 c5 2. Nc3 g6 3. g3 Bg7 4. Bg2 Nc6 5. d3 Nf6 6. Be3 d6 7. Qd2 Ng4 8. h3
Nxe3 9. Qxe3 Nd4 10. Qd2 Rb8 11. Nd1 Bd7 12. c3 Nc6 13. f4 b5 14. Nf3 b4 15.
O-O Qc8 16. Kh2 h5 17. Ne3 Qd8 18. f5 g5 19. Nxg5 Ne5 20. Nd5 Bh6 21. f6 e6 22.
Ne7 Qb6 23. h4 a5 24. Qe2 Bf8 25. Bf3 Nxf3+ 26. Qxf3 Rh6 27. Ng8 Rh8 28. Ne7
Rh6 29. Ng8 Rh8 1/2-1/2

[Event "FRA-chT2 0910"]
[Site "France"]
[Date "2009.10.18"]
[Round "3.1"]
[White "Flear, Glenn C"]
[Black "Franca, Ricardo Bedin"]
[Result "1-0"]
[WhiteElo "2497"]
[BlackElo "2304"]
[PlyCount "57"]
[EventDate "2009.09.27"]
[EventType "team"]
[EventRounds "11"]
[EventCountry "FRA"]
[SourceDate "2009.07.26"]
[WhiteTeam "L'Echiquier du Roy René"]

1. d4 d5 2. c4 c6 3. Nc3 Nf6 4. e3 g6 5. Nf3 Bg7 6. Bd3 O-O 7. O-O Bg4 8. h3
Bxf3 9. Qxf3 dxc4 10. Bxc4 Nbd7 11. Rd1 Qe8 12. b3 Nb6 13. Bf1 a5 14. e4 a4 15.
Rb1 Qc8 16. b4 Nfd7 17. Be3 f5 18. exf5 Rxf5 19. Qg3 e5 20. d5 cxd5 21. Nxd5
Nxd5 22. Rxd5 Nf6 23. Rc5 Qe8 24. Bd3 e4 25. Bb5 Qf8 26. Qc7 Rxc5 27. bxc5 Qf7
28. Qxf7+ Kxf7 29. Bc4+ 1-0

[Event "FRA-chT2 0910"]
[Site "France"]
[Date "2009.10.18"]
[Round "3.3"]
[White "Valles, Manuel"]
[Black "Iwanesko, Alexandre"]
[Result "0-1"]
[WhiteElo "2201"]
[BlackElo "2191"]
[PlyCount "60"]
[EventDate "2009.09.27"]
[EventType "team"]
[EventRounds "11"]
[EventCountry "FRA"]
[SourceDate "2009.07.26"]

1. d4 Nf6 2. c4 c5 3. d5 b5 4. cxb5 a6 5. f3 e6 6. e4 c4 7. Bxc4 Qb6 8. Nc3
axb5 9. Bxb5 Bc5 10. Nh3 O-O 11. d6 Bxd6 12. Qe2 Bc5 13. Nf2 Nc6 14. Nd3 Bd4
15. a4 Na7 16. Rb1 Nxb5 17. axb5 Bb7 18. Nb4 d5 19. e5 Nd7 20. f4 Rfc8 21. Bd2
Bc5 22. Nc2 d4 23. Ne4 Be7 24. Qd3 Nc5 25. Nxc5 Qxc5 26. Nxd4 Rd8 27. Bc3 Qd5
28. Qe2 Ra4 29. Nc2 Bh4+ 30. Kf1 Rxf4+ 0-1

[Event "FRA-chT2 0910"]
[Site "France"]
[Date "2009.10.18"]
[Round "3.2"]
[White "Heran, Raphael"]
[Black "Pasquier, Thomas"]
[Result "0-1"]
[WhiteElo "2227"]
[BlackElo "2277"]
[PlyCount "54"]
[EventDate "2009.09.27"]
[EventType "team"]
[EventRounds "11"]
[EventCountry "FRA"]
[SourceDate "2009.07.26"]

1. e4 c5 2. Nf3 e6 3. d4 cxd4 4. Nxd4 a6 5. Bd3 Ne7 6. O-O Nec6 7. Nxc6 Nxc6 8.
f4 Be7 9. c3 O-O 10. Nd2 d6 11. a4 Bd7 12. Qe2 Qc7 13. Nf3 Na5 14. e5 g6 15.
Nd4 Rac8 16. b3 dxe5 17. fxe5 Qxc3 18. Bb2 Qb4 19. Rf4 Nxb3 20. Nxb3 Qxf4 21.
Na5 b5 22. axb5 Bxb5 23. Bxb5 axb5 24. Qxb5 Qe3+ 25. Kh1 Rb8 26. Qd7 Rxb2 27.
Qxe7 Ra2 0-1

[Event "FRA-chT2 0910"]
[Site "France"]
[Date "2009.10.18"]
[Round "3.5"]
[White "Entem, Alan"]
[Black "Remille, Tristan"]
[Result "1/2-1/2"]
[WhiteElo "2119"]
[BlackElo "2216"]
[PlyCount "48"]
[EventDate "2009.09.27"]
[EventType "team"]
[EventRounds "11"]
[EventCountry "FRA"]
[SourceDate "2009.07.26"]

1. e4 c5 2. Nf3 d6 3. d4 cxd4 4. Nxd4 Nf6 5. Nc3 Nc6 6. Bg5 e6 7. Qd2 Be7 8.
O-O-O Nxd4 9. Qxd4 O-O 10. Be2 Nxe4 11. Bxe7 Nxc3 12. bxc3 Qxe7 13. Qxd6 Qg5+
14. Kb2 Qxg2 15. Qd4 Qc6 16. Rhg1 Qb6+ 17. Qxb6 axb6 18. Rd6 e5 19. Bb5 Be6 20.
a4 Rac8 21. Rgd1 Rc7 22. R1d2 g5 23. Re2 Rc5 24. Rxb6 Rfc8 1/2-1/2

[Event "FRA-chT2 0910"]
[Site "France"]
[Date "2009.10.18"]
[Round "3.1"]
[White "Miron, Lucian Costin"]
[Black "Kosten, Anthony C"]
[Result "0-1"]
[WhiteElo "2491"]
[BlackElo "2497"]
[PlyCount "72"]
[EventDate "2009.09.27"]
[EventType "team"]
[EventRounds "11"]
[EventCountry "FRA"]
[SourceDate "2009.07.26"]
[WhiteTeam "Naujac"]
[BlackTeam "Chamalières"]

1. d4 Nf6 2. c4 e6 3. Nc3 Bb4 4. Qc2 O-O 5. e4 Bxc3+ (5... d5 {La grande ligne}
) 6. bxc3 d6 7. Bd3 e5 8. Ne2 {[%cal Gf2f4]} c5 9. O-O Nc6 {[%cal Gc5d4,Gc6b4,
Gb4d3,Gb4c2]} 10. a3 (10. d5 Na5 {[%csl Rc4][%cal Gb7b6,Gc8a6,Ga6c4]} 11. Ng3
$14 {[%csl Gf5]}) 10... h6 11. f4 cxd4 12. cxd4 exd4 $146 ({RR} 12... Bg4 13.
d5 Bxe2 14. Qxe2 Nd4 15. Qb2 Nd7 16. Be3 Qb6 17. Qf2 Nc5 18. Bxd4 exd4 19. Rad1
Rfe8 20. Rfe1 Rac8 21. Bc2 Qb2 22. Rxd4 Qxa3 23. e5 Qc3 24. Bf5 Rc7 25. Red1
Rce7 26. R4d2 Qxc4 27. exd6 {Pedersen,N (2382)-Chernyshov,K (2561)/Pardubice
2001/CBM 083 ext/1/2-1/2 (56)}) 13. Bb2 Nd7 (13... Qb6 14. Rab1 Qc5 $13) 14.
Nxd4 Qb6 15. Qf2 Nc5 16. Rad1 Bg4 17. Rd2 Rae8 (17... Na5 {[%csl Rc4][%cal
Gc5d3]}) 18. Nxc6 bxc6 19. Bd4 $16 {La paire de B est trés forte} f6 20. Bxc5
dxc5 21. e5 {risqué} (21. Rb1) 21... fxe5 22. Qg3 Qa5 23. Rb2 e4 $132 24. Bxe4
Rxe4 25. Qxg4 Qc3 26. Rbf2 Qxc4 27. g3 Rfe8 28. Qd7 Qd5 29. Qxa7 Re1 30. Qa6 c4
31. Qb6 c3 32. Qb4 Rxf1+ 33. Rxf1 Re2 34. Rf2 Re1+ 35. Rf1 Rxf1+ 36. Kxf1 c2
0-1

[Event "FRA-chT2 0910"]
[Site "France"]
[Date "2009.10.18"]
[Round "3.2"]
[White "Robin, Samy"]
[Black "Armas, Julius"]
[Result "1/2-1/2"]
[WhiteElo "2350"]
[BlackElo "2335"]
[PlyCount "40"]
[EventDate "2009.09.27"]
[EventType "team"]
[EventRounds "11"]
[EventCountry "FRA"]
[SourceDate "2009.07.26"]

1. e4 c6 2. d4 d5 3. Nd2 dxe4 4. Nxe4 Bf5 5. Ng3 Bg6 6. Nf3 Nd7 7. h4 h6 8. h5
Bh7 9. Bd3 Bxd3 10. Qxd3 Ngf6 11. Bd2 Qc7 12. O-O-O e6 13. Qe2 O-O-O 14. Ne5
Nb6 15. Ba5 Rd5 16. Bxb6 axb6 17. c4 Ra5 18. Kb1 Bd6 19. f4 Re8 20. Ne4 Nxe4
1/2-1/2

[Event "FRA-chT2 0910"]
[Site "France"]
[Date "2009.10.18"]
[Round "3.2"]
[White "Lemeaux, David"]
[Black "Collas, Didier"]
[Result "1/2-1/2"]
[WhiteElo "2212"]
[BlackElo "2422"]
[PlyCount "26"]
[EventDate "2009.09.27"]
[EventType "team"]
[EventRounds "11"]
[EventCountry "FRA"]
[SourceDate "2009.07.26"]

1. e4 c5 2. Nf3 e6 3. c3 Nf6 4. e5 Nd5 5. d4 cxd4 6. cxd4 d6 7. Nc3 Nxc3 8.
bxc3 Nc6 9. exd6 Bxd6 10. Bd3 e5 11. O-O exd4 12. Re1+ Be7 13. Ng5 Kf8 1/2-1/2

[Event "FRA-chT2 0910"]
[Site "France"]
[Date "2009.10.18"]
[Round "3.4"]
[White "Faber, Michel"]
[Black "Boyd, Stephen"]
[Result "1/2-1/2"]
[WhiteElo "2239"]
[BlackElo "2310"]
[PlyCount "42"]
[EventDate "2009.09.27"]
[EventType "team"]
[EventRounds "11"]
[EventCountry "FRA"]
[SourceDate "2009.07.26"]

1. c4 g6 2. Nc3 Bg7 3. g3 c5 4. Bg2 Nc6 5. e4 Nf6 6. Nge2 O-O 7. O-O Ne8 8. Rb1
Nc7 9. a3 a5 10. b3 d6 11. Bb2 Rb8 12. a4 Nd4 13. Nxd4 Bxd4 14. Ne2 Bxb2 15.
Rxb2 e5 16. d3 f6 17. Qd2 Ne6 18. Qh6 Qe7 19. Nc3 Qg7 20. Qd2 Nd4 21. Ne2 Nxe2+
1/2-1/2

[Event "FRA-chT2 0910"]
[Site "France"]
[Date "2009.10.18"]
[Round "3.7"]
[White "Serreau, David"]
[Black "Thibault, Pierre Olivier"]
[Result "1-0"]
[WhiteElo "2175"]
[BlackElo "1990"]
[PlyCount "51"]
[EventDate "2009.09.27"]
[EventType "team"]
[EventRounds "11"]
[EventCountry "FRA"]
[SourceDate "2009.07.26"]

1. Nf3 d6 2. d4 Nd7 3. g3 g6 4. Bg2 Bg7 5. O-O e5 6. c4 Ne7 7. Nc3 O-O 8. e4
exd4 9. Nxd4 Nc5 10. Be3 a5 11. Qd2 Ne6 12. Ndb5 Bd7 13. f4 f5 14. exf5 Nxf5
15. Bf2 Bc6 16. Bd5 Bxd5 17. Qxd5 c6 18. Qxe6+ Kh8 19. Qe2 cxb5 20. Nxb5 d5 21.
cxd5 g5 22. g4 Nd6 23. Nd4 gxf4 24. Ne6 f3 25. Qd3 Qd7 26. Bd4 1-0

[Event "FRA-chT2 0910"]
[Site "France"]
[Date "2009.10.18"]
[Round "3.1"]
[White "Midoux, Sebastien"]
[Black "Ducret, Thomas"]
[Result "1/2-1/2"]
[WhiteElo "2352"]
[BlackElo "2201"]
[PlyCount "41"]
[EventDate "2009.09.27"]
[EventType "team"]
[EventRounds "11"]
[EventCountry "FRA"]
[SourceDate "2009.07.26"]

1. d4 Nf6 2. c4 e6 3. Nf3 Bb4+ 4. Bd2 Qe7 5. Nc3 O-O 6. g3 Bxc3 7. Bxc3 Ne4 8.
Qc2 Nxc3 9. Qxc3 d6 10. Bg2 Re8 11. O-O e5 12. d5 a5 13. e4 Bg4 14. Nh4 c5 15.
f4 exf4 16. Rxf4 Qd7 17. Raf1 f6 18. R4f2 a4 19. Bf3 Re5 20. Qd2 Na6 21. Bg2
1/2-1/2

[Event "FRA-chT2 0910"]
[Site "France"]
[Date "2009.10.18"]
[Round "3.2"]
[White "Rada Equiza, Miguel"]
[Black "Abello, Sebastien"]
[Result "1/2-1/2"]
[WhiteElo "2262"]
[BlackElo "2284"]
[PlyCount "65"]
[EventDate "2009.09.27"]
[EventType "team"]
[EventRounds "11"]
[EventCountry "FRA"]
[SourceDate "2009.07.26"]

1. e4 c5 2. Nf3 Nc6 3. d4 cxd4 4. Nxd4 Nf6 5. Nc3 e5 6. Ndb5 d6 7. Bg5 a6 8.
Na3 b5 9. Bxf6 gxf6 10. Nd5 Bg7 11. Bd3 Ne7 12. Nxe7 Qxe7 13. O-O O-O 14. c4 f5
15. Qf3 Qb7 16. Qe2 d5 17. cxd5 fxe4 18. Bxe4 f5 19. Bc2 e4 20. Bb3 Kh8 21.
Rad1 Qb6 22. Kh1 Bb7 23. f3 Rae8 24. fxe4 Rxe4 25. Qh5 Qg6 26. Qxg6 hxg6 27.
Nb1 Rd8 28. Nc3 Bxc3 29. bxc3 a5 30. d6 Re2 31. Bd5 Bxd5 32. Rxd5 Rxa2 33. Rxb5
1/2-1/2

[Event "FRA-chT2 0910"]
[Site "France"]
[Date "2009.10.18"]
[Round "3.3"]
[White "Gaudineau, Eric"]
[Black "Mindeguia Guruceaga, Juan Jesus"]
[Result "1-0"]
[WhiteElo "2321"]
[BlackElo "2169"]
[PlyCount "43"]
[EventDate "2009.09.27"]
[EventType "team"]
[EventRounds "11"]
[EventCountry "FRA"]
[SourceDate "2009.07.26"]

1. e4 e5 2. Bc4 Nc6 3. Nf3 Nf6 4. d3 Be7 5. c3 O-O 6. O-O d5 7. exd5 Nxd5 8.
Re1 Bg4 9. h3 Bh5 10. Nbd2 Nf4 11. Nf1 Bd6 12. Ng3 Bg6 13. b4 a6 14. a4 Re8 15.
Ne4 Qd7 16. Be3 Rad8 17. Qd2 Ne7 18. Nxd6 Qxd6 19. Bc5 Qf6 20. Rxe5 Bxd3 21.
Bxe7 Nxh3+ 22. gxh3 1-0

[Event "FRA-chT2 0910"]
[Site "France"]
[Date "2009.10.18"]
[Round "3.4"]
[White "Relea, Nicolas"]
[Black "Diaz, Mickael"]
[Result "1/2-1/2"]
[WhiteElo "2196"]
[BlackElo "2223"]
[PlyCount "28"]
[EventDate "2009.09.27"]
[EventType "team"]
[EventRounds "11"]
[EventCountry "FRA"]
[SourceDate "2009.07.26"]

1. Nc3 c5 2. e4 Nc6 3. Bb5 Nd4 4. Bc4 a6 5. a4 e6 6. Nf3 Nf6 7. d3 d5 8. Ba2
Nxf3+ 9. Qxf3 d4 10. e5 dxc3 11. exf6 Qxf6 12. Qxf6 gxf6 13. bxc3 Rg8 14. O-O
Bd7 1/2-1/2